| 000 | 00552nam a2200193Ia 4500 | ||
|---|---|---|---|
| 008 | 131103s9999 xx 000 0 und d | ||
| 040 | _aLoreto College | ||
| 041 | _aEnglish | ||
| 082 |
_a193/DUP/270.08/DUP _bLCLIB/17641 |
||
| 100 | _aDupre,Louis | ||
| 245 |
_aKierkeguard as theologian _cLouis Dupre |
||
| 260 |
_aLondon _bSheed and Ward _c1963 |
||
| 300 |
_axx,229 p. _c 18 cm. |
||
| 630 | _aChristianity with respect to kinds of persons | ||
| 650 | _aReligion | ||
| 651 | _aPerson Treatment of Christianity | ||
| 850 | _aLCLIB | ||
| 942 | _cBK | ||
| 999 |
_c10280 _d60759 |
||